书目信息 |
| 题名: |
日本右翼问题研究
|
|
| 作者: | 步平 , 王希亮 著 | |
| 分册: | ||
| 出版信息: | 北京 社会科学文献出版社 2005 |
|
| 页数: | 443页 | |
| 开本: | 22cm | |
| 丛书名: | 中国社会科学院中日历史研究中心文库 | |
| 单 册: | ||
| 中图分类: | D731.309 | |
| 科图分类: | ||
| 主题词: | 政治--研究--日本--现代 , 政治 | |
| 电子资源: | ||
| ISBN: | 7-80190-735-3 | |
| 000 | 00877oam2 2200265 450 | |
| 001 | 003014201 | |
| 005 | 20061115151156.89 | |
| 010 | @a7-80190-735-3@dCNY33.00 | |
| 100 | @a20051101d2005 em y0chiy0110 ea | |
| 101 | 0 | @achi |
| 102 | @aCN@b110000 | |
| 105 | @ay z 000yy | |
| 200 | 1 | @a日本右翼问题研究@9ri ben you yi wen ti yan jiu@f步平,王希亮著 |
| 210 | @a北京@c社会科学文献出版社@d2005 | |
| 215 | @a443页@d22cm | |
| 225 | 2 | @a中国社会科学院中日历史研究中心文库 |
| 330 | @a本书研究日本的右翼问题历史和现状。分上下两编:上编为“战前日本右翼”、下编为“战后日本右翼”。 | |
| 461 | 0 | @12001 @a中国社会科学院中日历史研究中心文库 |
| 606 | 0 | @a政治@x研究@y日本@z现代 |
| 606 | 0 | @a政治 |
| 690 | @aD731.309@v4 | |
| 701 | 0 | @a步平@9bu ping@f(1948.7~)@4著 |
| 701 | 0 | @a王希亮@9wang xi liang@f(1946~)@4著 |
| 801 | 0 | @aCN@bNLC@c20061115 |
| 905 | @a10447@dD731.309@e288 | |
| 日本右翼问题研究/步平,王希亮著.-北京:社会科学文献出版社,2005 |
| 443页;22cm.-(中国社会科学院中日历史研究中心文库) |
| ISBN 7-80190-735-3:CNY33.00 |
| 本书研究日本的右翼问题历史和现状。分上下两编:上编为“战前日本右翼”、下编为“战后日本右翼”。 |
| ● |
| 相关链接 |
|
|
|
|
正题名:日本右翼问题研究
索取号:D731.309/288
 
预约/预借
| 序号 | 登录号 | 条形码 | 馆藏地/架位号 | 状态 | 备注 |
| 1 | 0391399 | 203913998 | 第一样本阅览室/ [索取号:D731.309/288] | 在馆 | |
| 2 | 0391400 | 203914005 | 第一借阅区/ [索取号:D731.309/288] | 在馆 | |
| 3 | 0391401 | 203914014 | 第一借阅区/ [索取号:D731.309/288] | 在馆 | |
| 4 | 0391402 | 203914023 | 第一借阅区/ [索取号:D731.309/288] | 在馆 | |
| 5 | 0391403 | 203914032 | 第一借阅区/ [索取号:D731.309/288] | 在馆 |